000 00399ntaaa2200169 4500
003 01
005 20251027202438.0
008 0714s1973 ag 01
040 _aAR-BaBN
_bspa
_cAR-BaBN
_eaacr
_dRIC
082 _a266.0000 M72
100 _aMoffett, Samuel Hugh
_923319
245 _aEn la ruta del sol
250 _a1 ed. :
_bAurora,
_cc1953
300 _a179 p.
650 _aMisiones
942 _cBK
999 _c19430
_d19430